Robotizace ve slévárnách : Sborník přednášek

Na minha lista:
Detalhes bibliográficos
Formato: Livro
Idioma:tcheco
Publicado em: Brno : Dom techniky ČSVTS, 1989
Edição:1.vyd.
Assuntos:
Tags: Adicionar Tag
Sem tags, seja o primeiro a adicionar uma tag!

MARC

LEADER 00000nam a22000003a 4500
001 stu41384
005 20150408180456.1
008 931123s1989----cs------------------cze-d
040 |a STU  |b slo 
041 0 |a cze 
044 |a cs 
080 |a 621.74 
080 |a 681.52(082) 
245 |a Robotizace ve slévárnách :  |b Sborník přednášek 
250 |a 1.vyd. 
260 |a Brno :  |b Dom techniky ČSVTS,  |c 1989 
300 |a 90 s 
650 7 |a zlievárne  |2 stusub 
650 7 |a robotika  |2 stusub 
650 7 |a zborníky  |2 stusub 
996 |b MZ 354  |c M*Z-354  |l MMKN  |s A  |a 24  |w stu41384_0001